| 000 -LEADER |
| fixed length control field |
01129nam a22002177a 4500 |
| 005 - DATE AND TIME OF LATEST TRANSACTION |
| control field |
20230530160218.0 |
| 008 - FIXED-LENGTH DATA ELEMENTS--GENERAL INFORMATION |
| fixed length control field |
230530s en xxu||||| |||| 00| 0 eng d |
| 020 ## - INTERNATIONAL STANDARD BOOK NUMBER |
| International Standard Book Number |
9788378932260 |
| 041 ## - LANGUAGE CODE |
| Language code of accompanying material other than librettos |
eng |
| Language code of original |
geo |
| 080 ## - UNIVERSAL DECIMAL CLASSIFICATION NUMBER |
| Universal Decimal Classification number |
94(479.22)"12/19" Sho-55 |
| 100 ## - MAIN ENTRY--PERSONAL NAME |
| Personal name |
Shoshiashvili, Nodar, ავტორი, იდეის |
| 9 (RLIN) |
18321 |
| 245 ## - TITLE STATEMENT |
| Title |
Modern history of Georgia / |
| Statement of responsibility, etc. |
original idea, Nodar Shoshiashvili ; authors: Stephen F. Jones, Andrew Andersen, Eric Lee [et al.] translated by Tamta Katsitadze, Beka Katsitadze, Nino Khuberashvili, Teona Henderson ; photos by Konstantine Gabrichidze.; |
| 264 ## - PRODUCTION, PUBLICATION, DISTRIBUTION, MANUFACTURE, AND COPYRIGHT NOTICE |
| Name of producer, publisher, distributor, manufacturer |
Wojnowice : KEW, [S.d.] |
| 300 ## - PHYSICAL DESCRIPTION |
| Extent |
413 p. : |
| Other physical details |
phot., maps, portr. |
| Dimensions |
20 cm. |
| 505 ## - FORMATTED CONTENTS NOTE |
| Formatted contents note |
ბიბლიოგრაფია ტექსტის შენიშვნებში |
| 653 ## - INDEX TERM--UNCONTROLLED |
| keyword |
საქართველო -- ისტორია -- XIII-XX |
| 700 ## - ADDED ENTRY--PERSONAL NAME |
| Personal name |
Jones, Stephen F |
| Relator term |
ავტორი. |
| 9 (RLIN) |
18322 |
| 700 ## - ADDED ENTRY--PERSONAL NAME |
| Personal name |
Andersen, Andrew, |
| Relator term |
ავტორი [და სხვ] |
| 9 (RLIN) |
18323 |
| 700 ## - ADDED ENTRY--PERSONAL NAME |
| Personal name |
Katsitadze, Tamta, |
| Relator term |
მთარგმნელი [და სხვ] |
| 9 (RLIN) |
18324 |
| 942 ## - ADDED ENTRY ELEMENTS (KOHA) |
| Source of classification or shelving scheme |
|
| Koha item type |
წიგნი |